Productivity of the mangrove ecosystem: a manual of methods

Bibliographic Details
Main Author: ONG
Format: Book
Published: Pulau Pinang : Universiti Sains Malaysia , 1985
Subjects:

MARC

LEADER 00000cam a2200000 7i4500
001 0000002658
005 20030917.0
020 0 0 |a 9679994910 
090 0 0 |a 577.698   |b Ong 1985 
100 1 0 |a ONG   |h Jin-Eong 
245 1 0 |a Productivity of the mangrove ecosystem: a manual of methods   |c by Ong Jin-Eong ... (et al.) 
260 0 0 |a Pulau Pinang :   |b Universiti Sains Malaysia ,   |c 1985 
300 |a v, 117 p. :   |b ill. ;   |c 30 cm. 
500 0 0 |a Bibliography : p. 112-117 
650 0 0 |a Mangrove 
650 0 0 |a Mangrove ecology 
998 |a JPSM 
999 |a 0000004014   |b Monograph   |c Open Shelf   |e Default branch